00417nam a2200169Ia 4500003000400000005001700004008004100021040000700062041000800069082002100077100001500098245003700113260003700150365001300187650003100200650001600231OSt20230608111420.0210423s2007 xx 000 0 und d cAL aeng a361.3 223bHUDU aHUDSON (J) aUnderstanding the policy process aJaipurbRawat Publicationsc2007 b795cINR aSocial Problems & Services aSocial Work